The music of Peru: aboriginal and viceroyal epochs

Kaydedildi:
Detaylı Bibliyografya
Yazar: Stevenson, R (Yazar)
Materyal Türü: Kitap
Dil:İspanyolca
Baskı/Yayın Bilgisi: Washington, D.C OEA 1960
Konular:
Etiketler: Etiketle
Etiket eklenmemiş, İlk siz ekleyin!

MARC

LEADER 00000nam a2200000 a 4500
001 UCN3176
003 CL-VaPUC
008 010622e19600000US |||||||||||||||||spa|d
082 0 4 |a 780.985  |b STE  |2 21 
100 0 |a Stevenson, R  |e author  |9 459558 
245 1 4 |a The music of Peru: aboriginal and viceroyal epochs 
300 |a 331 p 
942 |c BK 
945 |d 20010622 00:00:00  |a crobeson 
260 |a Washington, D.C  |b OEA  |c 1960 
650 7 |a MUSICA PERUANA - HISTORIA Y CRITICA  |2 CL-VaPUC  |9 459559 
650 0 |a Música precolombina  |9 408770 
650 7 |a MUSICA COLONIAL  |2 CL-VaPUC  |9 459560 
650 0 |a Organología  |9 306545 
650 7 |a MUSICA FOLKLORICA PERUANA  |2 CL-VaPUC  |9 450046 
650 0 |a Virreinato del Perú  |9 414472 
583 |a last modification  |c 20010622 00:00:00  |k Rodrigo Vera 
999 |c 296101  |d 296099 
952 |0 0  |1 0  |4 0  |6 780_985000000000000_STE_1960  |7 0  |8 A  |9 349699  |a BIBEDU  |b BIBEDU  |d 2019-11-20  |i 1188429  |o 780.985 STE 1960  |p 1188429  |r 2022-03-17  |w 2019-11-20  |y BK  |k MUS